Quizzes
Events
Quiz Creation
Community
Videos
Private Events
Remove Ads
Sign In
Join for FREE
Feedback
Dark Mode
Quiz Categories
Sports
Geography
Music
Movies
Television
Just For Fun
Miscellaneous
History
Literature
Language
Science
Gaming
Entertainment
Religion
Holiday
For Kids
Quiz Lab
Recent
Popular Today
Quiz Kudos Today
Editor Picks
Curator Picks
Quizzes by...
Day
Popularity
Type
Ratings
Length
Year
Community
Subscriptions
Recent Discussions
Orange Saloon
Badges
Playlists
Quests
Create
Leaderboards
Showdown
Live 5
Trivia Bingo
Activity
Puzzle Library
Sporcle Events
Private Events
Virtual Trivia
Globe League
Become a Host
Pub Owners
SporcleCon
Opinionation
Our Games
Videos
Blog
Mobile Apps
Partnerships
Remove Ads and Go Orange
Feedback
Language
Vocabulary
Begins and Ends
Definition
Spanish
French
German
Italian
Chinese
Latin
Translation
Japanese
Language
Vocabulary
Begins and Ends
Definition
Spanish
French
German
Italian
Chinese
Latin
Translation
Japanese
Random Quiz
Search Sporcle
×
Quiz Lab
Quiz Lab
Language
German
Type in answers that appear in a list
Type in answers that appear in a list
Classic
Best Score? Go Orange.
German 1 Week 1 Vocabulary Stats
Can you name the German 1 Week 1 Vocabulary?
By
Brugp
6m
30 Questions
1,095 Plays
1,095 Plays
1,095 Plays
Comments
Comments
Give Quiz Kudos
Give Quiz Kudos
-
- Ratings
hide this ad
Forced Order
Answers have to be entered in order
Answers have to be entered in order
Random Order
Randomize order of answers
Randomize order of answers
Replay
Link that replays current quiz
Next Quiz
Link to next quiz in quiz playlist
You Got
0%
They Got
Avg Score
83%
Avg Friend Score
Upgrade to see
Score Distribution
Jump to the score distribution portion of the page
Score
0/30
Timer
06:00
0
Plays Today
German
English
% Correct
hallo
hello
92.5%
nein
no
91.8%
guten Morgen
good morning
91.5%
ja
yes
90.8%
ist
is
90.7%
der
the
90.1%
die
the
90%
und
and
89.6%
in
in
89.5%
den
the
88.7%
guten Tag
hi
88.7%
das
the
88.2%
wilkommen
welcome
88%
oder
or
85.9%
war
was
85.5%
German
English
% Correct
guten Abend
good evening
84.9%
hatte
had
83.7%
ich bin
I am
83.5%
auf Wiedersehen
goodbye
80.9%
tschüs
see ya!
78.8%
sagte
said
78.6%
tschau
so long
76.8%
du bist
you are
76.7%
grüß Gott
Hello (used in Austria)
76.1%
grüß dich
Hello (used in Austria)
74.6%
servus
Hello (used in Austria)
74.1%
wie alt
how old
73.2%
es gibt
there is
71.6%
es gab
there was
70.5%
wie geht's
How's it going
67.8%
Quiz Playlist
Details
Report
Send in Message
Add To Playlist
Classic:
Type in answers that appear in a list
Forced Order:
Answers have to be entered in order
Random Order:
Randomize order of answers
Last Updated: Feb 16, 2017
Quiz Scoreboard
CHALLENGE
Sign Up to Join the Scoreboard
Show All
Scores
Hide
Comments
May contain spoilers
Recently Published
Movies - When Are They Set?
by FPL_Elf
Movies
5m
Popular People in 1961
by mucciniale
History
6m
1-10 Letter E Words III
by El_Dandy
Language
2m
More to Explore
Quiz From the Vault
Featured Blog Post
Where Did the Easter Bunny Come From?
hide this ad
You Might Also Like...
Tags
German Quiz
Vocabulary Quiz
English
Week
Week 1
Today's Top Quizzes in Language
Browse Language
hide this ad
Today's Top Quizzes in German
Browse German
Top Contributed Quizzes in Language
1
Order Up: Top 10 Most Native Spoken Languages
2
1-10 Letter F Words III
3
1-10 Letter G Words III
4
1-10 Letter H Words III
5
1-10 Letter I Words III
6
One Thing in Common: Italy
7
1-10 Letter J Words III
8
Weisst du, aus welchen Sprachen diese Wörter stammen?
9
Hiragana Speed Reading
10
Begins and Ends With AN
Explore More
Trending Topics
Marvel
Disney
Kpop
Crossword
Anime
NBA
Harry Potter
Pokémon
Soccer
NFL
The Office
Song
Puzzle
WWE
Country
hide this ad
More By:
Brugp
Quiz
Plays
Rating
Category
Featured
Created
Reformation Matching Game
7,624
4.67
Religion
Apr 13, 2015
Chapter 7 Vocabulary - Doctrinal Terms
2,536
3.40
Religion
Apr 28, 2015
German - Top 100 Words
2,387
3.18
Language
May 29, 2014
German - Forms of Haben
1,631
4.56
Language
May 28, 2014
German top 50 words
1,501
2.30
Language
Oct 27, 2014
Go to Creator's Profile
Score Distribution
Quiz Creator Spotlight
Brugp
Follow
Send a Message
Quizzes Created
-
Created Quiz Play Count
-
More By This Creator
Popular Quizzes Today
1
Find the Countries of Europe - No Outlines Minefield
2
Find the US States - No Outlines Minefield
3
The Countries of the World
4
Popular People in 1961
5
1-10 Letter E Words III
6
US States
7
Find the US States
8
One Thing in Common: World Cities II
More Language Quizzes
TinyGrid: Palindromes pt. 3
Quiz Lab
Trending Quizzes
Risky Map Clicking: Least Populous States A-Z
Humor Books: The Subtitles
1-10 Letter F Words
1-10 Letter G Words
One Thing in Common: United Kingdom
Recently Updated
Leaping Animals
pecheneg
Reality TV Shows (A-Z)
bhenderson79
Rickey Henderson's Hall of Fame Teammates
pecheneg
Champions League XIs: Arsenal
pecheneg
Quick Pick: Celebrities in WWE's Hall of Fame
aduchscher
A-Z Keypad Blitz II
pecheneg
Multiple Oscar Actors
pecheneg
Mystery Phrase Blitz: Oscar 'Best Actors'
pecheneg
F. Scott Fitzgerald Novels
LTH
Pick 3 Villains
ddd62291
Trending Topics
Marvel
Anime
Kpop
NBA
Crossword
Harry Potter
Disney
Pokémon
Country
Soccer
Puzzle
Song
NFL
The Office
WWE
Your Account Isn't Verified!
In order to create a playlist on Sporcle, you need to verify the email address you used during registration. Go to your
Sporcle Settings
to finish the process.
Report this User
Report this user for behavior that violates our
Community Guidelines
.
Details:
Send Report
Go to the Sporcle.com Mobile Site →
Comments